000 00593nam a2200205Ia 4500
001 1843
003 GE_BSU
008 181216s||||||||xx |||||||||||||| ||und||
020 _a97854820145547
040 _cGE_BSU
080 _a347.9(083.)(470)
245 _aСборник судебных документов более 300 образцов.
260 _aМосква
260 _bПроспект
260 _c2007
300 _a360 с. 23 см.
541 _h15 л.
653 _aСборник судебных документов более 300 образцов.
942 _cBK
999 _c35944
_d35944